| 000 | 00000nam 2200000zi 4500 |
| 001 | 9.891663 |
| 003 | CaOODSP |
| 005 | 20240415113215 |
| 006 | m o d f |
| 007 | cr mn||||||||| |
| 008 | 200922t20202020onc o f000 0 fre d |
| 020 | |a9780660360690 |
| 040 | |aCaOODSP|bfre|erda|cCaOODSP |
| 043 | |an-cn--- |
| 086 | 1 |aPS4-69/2020F-PDF |
| 245 | 04|aLes victimes d'actes criminels se tiennent au courant. |
| 264 | 1|a[Ottawa] : |bSécurité publique Canada = Public Safety Canada, |c[2020] |
| 264 | 4|c©2020 |
| 300 | |a1 ressource en ligne (25 pages) |
| 336 | |atexte|btxt|2rdacontent/fre |
| 337 | |ainformatique|bc|2rdamedia/fre |
| 338 | |aressource en ligne|bcr|2rdacarrier/fre |
| 500 | |aPublié aussi en anglais sous le titre : Victims of crime : staying informed. |
| 650 | 6|aVictimes d'actes criminels|xDroit|zCanada. |
| 650 | 6|aVictimes d'actes criminels|xDroits|zCanada. |
| 650 | 6|aVictimes d'actes criminels|xServices|zCanada. |
| 710 | 1 |aCanada. |bSécurité publique Canada, |eorganisme de publication. |
| 775 | 08|tVictims of crime : |w(CaOODSP)9.891662 |
| 775 | 08|tAniki ka ki macihihiwakaniwitcik kata nosanehamok kitci tipatcimotcik minawa.|w(CaOODSP)9.913818 |
| 794 | |tLes victimes d'actes criminels se tiennent au courant. |w(CaOODSP)9.919910 |
| 795 | |tLes victimes d'actes criminels se tiennent au courant |w(CaOODSP)9.808271 |
| 856 | 40|qPDF|s224 Ko|uhttps://publications.gc.ca/collections/collection_2021/sp-ps/PS4-69-2020-fra.pdf |
| 856 | 4 |qHTML|sS.O.|uhttps://www.securitepublique.gc.ca/cnt/rsrcs/pblctns/vctms-crm-styng-nfrmd/index-fr.aspx |